Logo BPK

Biblioteka

Politechniki Koszalińskiej

Vektoren, Matrizen, Determinanten, Programmiert / (Rekord nr 15908)

Szczegóły MARC
000 -ETYKIETA REKORDU
podpole kontrolne o stałej długości 00473nam a2200181 i 4500
001 - NUMER KONTROLNY REKORDU
pole kontrolne bg
040 ## - ŹRÓDŁO KATALOGOWANIA
Instytucja, która utworzyła rekord BPK
041 ## - KOD JĘZYKA
Kod języka tekstu pol
080 ## - UNIWERSALNA KLASYFIKACJA DZIESIĘTNA - UKD
UKD 512.64
008 - POLE O STAŁEJ DŁUGOŚCI - DANE KONTROLNE
podpole kontrolne o stałej długości s pl f |000 0 pol
100 1# - NAZWA OSOBOWA
Nazwa osobowa GLOGGENGIESSER,
245 #0 - TYTUŁ/ODPOWIEDZIALNOŚĆ
Tytuł Vektoren, Matrizen, Determinanten, Programmiert /
Pozostałe elementy strefy tytułu i oznaczenia odpowiedzialności Gloggengiesser, Kröplin, Lhotzky.
260 ## - STREFA ADRESU WYDAWNICZEGO
Miejsce wydania München :
Nazwa wydawcy/dystrybutora Moderne Verl.,
Data publikacji, dystrybucji/powstania dokumentu [1974].
300 ## - STREFA OPISU FIZYCZNEGO
Objętość s. 168 :
Inne cechy fizyczne rys.
700 1# - HASŁO DODATKOWE - NAZWA OSOBOWA
Nazwa osobowa KRÖPLIN,
700 1# - HASŁO DODATKOWE - NAZWA OSOBOWA
Nazwa osobowa LHOTZKY,
856 ## - LOKALIZACJA I DOSTĘP DO ELEKTRONICZNYCH DOKUMENTÓW ZDALNYCH
Link (URL) http://koha.tu.koszalin.pl/cgi-bin/koha/opac-detail.pl?biblionumber=15908
Tekst linku Katalog online BPK
942 ## - DODATKOWE ELEMENTY (KOHA)
Typ dokumentu Książka
Egzemplarze
Wycofany Status egzemplarza Uszkodzony Dostępność Lokalizacja stała Lokalizacja bieżąca Miejsce przechowywania Sygnatura Kod kreskowy Typ dokumentu
      Dostępny Biblioteka Politechniki Koszalińskiej Biblioteka Politechniki Koszalińskiej Wypożyczalnia BG 19302 01704143 Książka
© 2023 Biblioteka Politechniki Koszalińskiej :: KOHA